Posúdenie akvizície USB a Credit Suisse vo Švajčiarskej konfederácii z hľadiska jej vplyvu na konsolidovanú účtovnú závierku skupiny diplomová práca

Saved in:
Bibliographic Details
Main Author: Matis, Michal
Corporate Author: Fakulta hospodárskej informatiky EU. Katedra účtovníctva a audítorstva
Other Authors: Ballová, Martina, 1985-
Format: Book
Language:Slovak
Published: Bratislava 2025
Tags: Add Tag
No Tags, Be the first to tag this record!

MARC

LEADER 00000nbm a2200000 4500
001 0310589
005 20260217124724.2
041 0 |a slo 
044 |a SK 
245 1 0 |a Posúdenie akvizície USB a Credit Suisse vo Švajčiarskej konfederácii z hľadiska jej vplyvu na konsolidovanú účtovnú závierku skupiny  |b diplomová práca  |c Michal Matis ; školiteľ: Martina Ballová 
264 1 |a Bratislava  |c 2025 
300 |a 96 s. 
100 1 |a Matis, Michal 
700 1 |a Ballová, Martina, 1985- 
710 2 |a Fakulta hospodárskej informatiky EU. Katedra účtovníctva a audítorstva